[Event "26th WSCC 2016 Open 65+"]
[Site "Marianske Lazne, Czech Republic - Hotel Cristal and Continental"]
[Date "2016.11.29"]
[Round "10.81"]
[White "Drozdov, Vladimir E"]
[Black "Schmieder, Siegfried"]
[Result "0-1"]
[WhiteElo "1919"]
[BlackElo "2052"]
[PlyCount "88"]
[EventDate "2016.11.19"]

1. e4 d6 2. d4 Nf6 3. Nc3 g6 4. Nf3 Bg7 5. Be2 O-O 6. O-O c6 7. a4 Qc7 8. Bf4
Nh5 9. Be3 e5 10. Qd2 b6 11. Rfd1 Re8 12. h3 Bf8 13. Bc4 Ng7 14. dxe5 dxe5 15.
Ng5 Ne6 16. a5 b5 17. Bb3 Na6 18. Bxe6 Bxe6 19. Nxe6 Rxe6 20. Qd7 Rd6 21. Qxc7
Nxc7 22. Rxd6 Bxd6 23. Rd1 Ne8 24. a6 f6 25. Ne2 Kf7 26. Rd3 Ke6 27. f4 Nc7 28.
f5+ gxf5 29. exf5+ Ke7 30. Rd1 Nxa6 31. Ra1 Bc5 32. Rxa6 Bxe3+ 33. Kf1 Bb6 34.
Ra3 Rd8 35. Ke1 a5 36. Rg3 Kf7 37. Rc3 c5 38. Ng3 a4 39. Rf3 Ba5+ 40. c3 b4 41.
Ne4 a3 42. bxa3 bxa3 43. Nxc5 a2 44. Nb3 Rb8 0-1

[Event "26th WSCC 2016 Open 65+"]
[Site "Marianske Lazne, Czech Republic - Hotel Cristal and Continental"]
[Date "2016.11.29"]
[Round "10.82"]
[White "Bondar, Leonid"]
[Black "Bohman, Leif"]
[Result "1-0"]
[WhiteElo "2019"]
[BlackElo "1749"]
[PlyCount "97"]
[EventDate "2016.11.19"]

1. e4 e6 2. d4 d5 3. Nd2 Be7 4. e5 c5 5. c3 Nc6 6. Ndf3 Bd7 7. Bd3 f5 8. h4
cxd4 9. cxd4 Qb6 10. Ne2 Bb4+ 11. Bd2 Bxd2+ 12. Qxd2 Qb4 13. a3 Qxd2+ 14. Nxd2
Nh6 15. b4 b6 16. O-O O-O 17. Rfc1 Rac8 18. Ba6 Rb8 19. b5 Na5 20. Rc7 Bc8 21.
Rxa7 Bxa6 22. Rxa6 f4 23. Ra7 Nf5 24. Nf3 Rbe8 25. Rc1 Nc4 26. Rc2 h6 27. h5
Ra8 28. Rxa8 Rxa8 29. Nxf4 Kf7 30. g4 Ne7 31. g5 Rxa3 32. g6+ Kg8 33. Nd2 Ra4
34. Nxe6 Nf5 35. Nf3 Ra3 36. Kg2 Rb3 37. Ra2 Ra3 38. Re2 Rb3 39. Ra2 Ra3 40.
Rxa3 Nxa3 41. Nc7 Kf8 42. Nxd5 Nxb5 43. Nxb6 Nbxd4 44. Nxd4 Nxd4 45. Nd5 Ke8
46. f4 Kd7 47. Ne3 Ke6 48. Kg3 Nc6 49. Kf3 1-0

[Event "26th WSCC 2016 Open 65+"]
[Site "Marianske Lazne, Czech Republic - Hotel Cristal and Continental"]
[Date "2016.11.29"]
[Round "10.83"]
[White "Ingham, William"]
[Black "Ramusch, Arnulf"]
[Result "0-1"]
[WhiteElo "1814"]
[BlackElo "2001"]
[PlyCount "76"]
[EventDate "2016.11.19"]

1. d4 d5 2. Nf3 e6 3. e3 Nf6 4. Bd3 c5 5. b3 Nc6 6. O-O b6 7. Bb2 Be7 8. Nbd2
O-O 9. a3 Bb7 10. Ne5 Nxe5 11. dxe5 Ne4 12. Qe2 f5 13. Rad1 Qe8 14. c4 Rd8 15.
f4 Rf7 16. cxd5 exd5 17. Nf3 h6 18. e6 Rf8 19. Ne5 Bc6 20. Nf7 Rxf7 21. exf7+
Qxf7 22. Bxe4 fxe4 23. a4 a6 24. Qxa6 d4 25. Qxb6 Bd5 26. exd4 Bxb3 27. Rde1
Qd5 28. Rxe4 Qxe4 29. Qxb3+ Kh8 30. dxc5 Bxc5+ 31. Kh1 Qe2 32. Rc1 Rd2 33.
Bxg7+ Kxg7 34. Qc3+ Bd4 35. Qg3+ Kf8 36. Rc8+ Ke7 37. h4 Qd1+ 38. Kh2 Bg1+ 0-1

[Event "26th WSCC 2016 Open 65+"]
[Site "Marianske Lazne, Czech Republic - Hotel Cristal and Continental"]
[Date "2016.11.29"]
[Round "10.84"]
[White "Kotva, Milan"]
[Black "Pokora, Lubomir"]
[Result "1/2-1/2"]
[WhiteElo "1999"]
[BlackElo "1895"]
[PlyCount "60"]
[EventDate "2016.11.19"]

1. e4 e5 2. Nf3 Nf6 3. Nxe5 d6 4. Nf3 Nxe4 5. Nc3 Nxc3 6. dxc3 Be7 7. Bf4 Nc6
8. Qd2 Be6 9. Bd3 Qd7 10. O-O O-O 11. Rfe1 Rfe8 12. Re3 Bf6 13. Rae1 Re7 14.
Bg5 Bxg5 15. Nxg5 h6 16. Nf3 Rae8 17. Be4 Bf5 18. Bxc6 bxc6 19. Nd4 Rxe3 20.
Rxe3 Rxe3 21. Qxe3 Bg6 $11 22. Qd2 c5 23. Nf3 Qa4 24. a3 Qxc2 25. Qxc2 Bxc2 26.
Ne1 Bb3 27. Nf3 Bd5 28. Nd2 f5 29. f4 Kf7 30. Kf2 Kf6 $11 1/2-1/2

[Event "26th WSCC 2016 Open 65+"]
[Site "Marianske Lazne, Czech Republic - Hotel Cristal and Continental"]
[Date "2016.11.29"]
[Round "10.85"]
[White "Dubinsky, Alexander"]
[Black "Krstic, Slobodan"]
[Result "1/2-1/2"]
[WhiteElo "1858"]
[BlackElo "1993"]
[PlyCount "129"]
[EventDate "2016.11.19"]

1. f4 e5 2. fxe5 d6 3. Nf3 Bg4 4. e4 Nd7 5. d4 dxe5 6. c3 exd4 7. cxd4 Qe7 8.
Nc3 O-O-O 9. Bd3 Qb4 10. Qb3 Bxf3 11. Qxb4 Bxb4 12. gxf3 Ne5 13. Be2 Rxd4 14.
Be3 Rd8 15. Rd1 Ne7 16. Kf2 a6 17. f4 N5c6 18. Nd5 Nxd5 19. exd5 Ne7 20. a3 Bd6
21. Rhg1 Rhg8 22. Bg4+ Kb8 23. Bh5 Rdf8 24. b4 b6 25. Be2 Kb7 26. Bd3 g6 27.
Be4 Re8 28. Kf3 Rgf8 29. Bf2 Nc8 30. Bd4 f6 31. h4 Ne7 32. Be3 f5 33. Bc2 h5
34. Bc1 Ra8 35. Bb2 Kc8 36. Bg7 Rf7 37. Bb2 Kd7 38. Rge1 Rg8 39. Bb3 b5 40. Re6
Nc8 41. Rg1 Ne7 42. Bf6 a5 43. Rge1 Ra8 44. Bc3 axb4 45. Bxb4 Ra6 46. R1e3 Rb6
47. Re2 Rb8 48. Ke3 Ra8 49. Kd4 Bxb4 50. axb4 Ra3 51. R2e3 Rg7 52. Kc5 Ng8 53.
Kxb5 Ra8 54. Kc5 Ra1 55. Bc4 Rc1 56. b5 Ne7 57. d6 Nc8 58. dxc7 Kxc7 59. Rc6+
Kb7 60. Ree6 Rd7 61. Rxg6 Na7 62. Rb6+ Kc7 63. Ra6 Kb7 64. Rgb6+ Ka8 65. Kb4
1/2-1/2

[Event "26th WSCC 2016 Open 65+"]
[Site "Marianske Lazne, Czech Republic - Hotel Cristal and Continental"]
[Date "2016.11.29"]
[Round "10.86"]
[White "Halla, Jiri"]
[Black "De Haro, Martim Afonso Palma"]
[Result "1/2-1/2"]
[WhiteElo "1770"]
[BlackElo "1990"]
[PlyCount "35"]
[EventDate "2016.11.19"]

1. e4 Nf6 2. e5 Nd5 3. Nc3 Nxc3 4. bxc3 d6 5. f4 dxe5 6. fxe5 Qd5 7. d4 Qe4+ 8.
Qe2 Bf5 9. Qxe4 Bxe4 10. Kd1 e6 11. Nf3 c5 12. Bd3 Bxd3 13. cxd3 Nc6 14. dxc5
Bxc5 15. d4 Be7 16. Rb1 O-O-O 17. Kc2 b6 18. Bg5 $11 1/2-1/2

[Event "26th WSCC 2016 Open 65+"]
[Site "Marianske Lazne, Czech Republic - Hotel Cristal and Continental"]
[Date "2016.11.29"]
[Round "10.87"]
[White "Horyna, Josef"]
[Black "Benson, Lachlan"]
[Result "1-0"]
[WhiteElo "1746"]
[BlackElo "1988"]
[PlyCount "59"]
[EventDate "2016.11.19"]

1. d4 d5 2. Nf3 Nf6 3. Bf4 e6 4. e3 Bd6 5. Bg3 Bxg3 6. hxg3 c5 7. c3 cxd4 8.
exd4 Nc6 9. Nbd2 Bd7 10. Bd3 Qc7 11. Qe2 O-O 12. Ne5 g6 13. g4 a6 14. f4 Ne7
15. Qf2 Kg7 16. g5 Nfg8 17. Qh4 h5 18. gxh6+ Kh7 19. Ndf3 f6 20. Nxg6 Nxg6 21.
Bxg6+ Kxg6 22. Qg4+ Kf7 23. Qg7+ Ke8 24. h7 Qxf4 25. hxg8=Q Qe3+ 26. Kd1 Ba4+
27. b3 Rxg8 28. Qxg8+ Kd7 29. Qxa8 Qxc3 30. Qxb7+ 1-0

[Event "26th WSCC 2016 Open 65+"]
[Site "Marianske Lazne, Czech Republic - Hotel Cristal and Continental"]
[Date "2016.11.29"]
[Round "10.88"]
[White "Davydov, Mihail"]
[Black "Goetze, Peter"]
[Result "1/2-1/2"]
[WhiteElo "1986"]
[BlackElo "1862"]
[PlyCount "62"]
[EventDate "2016.11.19"]

1. c4 Nf6 2. Nc3 d6 3. e4 Nbd7 4. d3 e5 5. Nge2 Be7 6. g3 c6 7. Bg2 Qc7 8. O-O
Nf8 9. h3 Bd7 10. Be3 h6 11. Rb1 Ne6 12. b4 O-O 13. Qd2 Kh7 14. Kh2 b6 15. f4
c5 16. Nd5 Nxd5 17. exd5 exf4 18. gxf4 Nd8 19. b5 f5 20. Bf3 Bf6 21. Ng3 g6 22.
Qc2 a5 23. a4 Nf7 24. Rbe1 Rae8 25. Re2 Re7 26. Rfe1 Rfe8 27. Bc1 Rxe2+ 28.
Rxe2 Qd8 29. Bb2 Kg7 30. Kg2 Bxb2 31. Qxb2+ Qf6 1/2-1/2

[Event "26th WSCC 2016 Open 65+"]
[Site "Marianske Lazne, Czech Republic - Hotel Cristal and Continental"]
[Date "2016.11.29"]
[Round "10.89"]
[White "Biza, Miroslav"]
[Black "Jorgensen, Arne Bjorn"]
[Result "0-1"]
[WhiteElo "1728"]
[BlackElo "1965"]
[PlyCount "64"]
[EventDate "2016.11.19"]

1. d4 f5 2. Nf3 g6 3. g3 Nf6 4. c4 Bg7 5. Nc3 O-O 6. Bg2 d6 7. Ng5 c6 8. O-O h6
9. Nf3 Be6 10. Qc2 Bxc4 11. Ne4 fxe4 12. Nh4 Bf7 13. Bxe4 Nxe4 14. Qxe4 d5 15.
Qd3 g5 16. Nf5 Qe8 17. f4 g4 18. h3 gxh3 19. g4 Bg6 20. Qxh3 Bxf5 21. gxf5 Qf7
22. f6 Qxf6 23. Be3 Qf5 24. Qh4 Rf6 25. Kf2 Nd7 26. Rg1 Kf7 27. Rg3 Rg8 28.
Rag1 Nf8 29. Rg4 Rg6 30. Qh3 Rxg4 31. Rxg4 e6 32. Qg3 Nh7 0-1

[Event "26th WSCC 2016 Open 65+"]
[Site "Marianske Lazne, Czech Republic - Hotel Cristal and Continental"]
[Date "2016.11.29"]
[Round "10.90"]
[White "Hartlaub, Marianne"]
[Black "Gutt, Gregory"]
[Result "1/2-1/2"]
[WhiteElo "1558"]
[BlackElo "1766"]
[PlyCount "51"]
[EventDate "2016.11.19"]

1. Nf3 d5 2. c4 Nf6 3. g3 g6 4. b3 d4 5. Bb2 c5 6. Bg2 Nc6 7. O-O e5 8. d3 Bg7
9. Nbd2 Qc7 10. Re1 O-O 11. e3 Bg4 12. Qc2 Nb4 13. Qb1 e4 14. exd4 cxd4 15.
dxe4 d3 16. Ne5 Be2 17. Bf1 Bxf1 18. Rxf1 Nc2 19. Nxd3 Nxa1 20. Qxa1 Ne8 21.
Bxg7 Nxg7 22. Nf3 f6 23. e5 Nf5 24. Qe1 Ne3 25. Qxe3 fxe5 26. Nfxe5 $11 1/2-1/2

[Event "26th WSCC 2016 Open 65+"]
[Site "Marianske Lazne, Czech Republic - Hotel Cristal and Continental"]
[Date "2016.11.29"]
[Round "10.91"]
[White "Bauder, Herbert"]
[Black "Kummer, Heinz"]
[Result "1/2-1/2"]
[WhiteElo "1963"]
[BlackElo "1702"]
[PlyCount "44"]
[EventDate "2016.11.19"]

1. d4 d6 2. Nf3 g6 3. c4 Bg7 4. Nc3 Nc6 5. d5 Ne5 6. Nxe5 Bxe5 7. e4 Bg7 8. Be2
Nh6 9. Be3 f6 10. f3 a5 11. O-O O-O 12. Qd2 Nf7 13. Rac1 b6 14. Nb5 Re8 15. Nd4
e5 16. Nc6 Qd7 17. Bd1 Rf8 18. Ba4 Qe8 19. Qd1 Bd7 20. Bb5 Nd8 21. Nxd8 Qxd8
22. Qa4 Be8 1/2-1/2

[Event "26th WSCC 2016 Open 65+"]
[Site "Marianske Lazne, Czech Republic - Hotel Cristal and Continental"]
[Date "2016.11.29"]
[Round "10.92"]
[White "Mckerracher, Douglas"]
[Black "Horak, Miroslav"]
[Result "1/2-1/2"]
[WhiteElo "1962"]
[BlackElo "1686"]
[PlyCount "40"]
[EventDate "2016.11.19"]

1. e4 c5 2. Nc3 Nc6 3. g3 g6 4. Bg2 Bg7 5. d3 d6 6. f4 e6 7. Nf3 Nge7 8. O-O
O-O 9. Be3 Nd4 10. e5 Nef5 11. Bf2 Nxf3+ 12. Qxf3 dxe5 13. Bxc5 Nd4 14. Qf2
exf4 15. Bxf8 Qxf8 16. gxf4 Nf5 17. Ne2 Qb4 18. Rab1 Qd2 19. Rfd1 Qxc2 20. Rdc1
Qd2 $11 1/2-1/2

[Event "26th WSCC 2016 Open 65+"]
[Site "Marianske Lazne, Czech Republic - Hotel Cristal and Continental"]
[Date "2016.11.29"]
[Round "10.93"]
[White "Feco, Jan"]
[Black "Schwertel, Johann"]
[Result "1/2-1/2"]
[WhiteElo "1761"]
[BlackElo "1961"]
[PlyCount "50"]
[EventDate "2016.11.19"]

1. Nc3 d5 2. e4 dxe4 3. Nxe4 Nf6 4. Nxf6+ exf6 5. Bc4 Be7 6. Ne2 Nd7 7. a3 O-O
8. O-O Ne5 9. Bb3 Be6 10. Bxe6 fxe6 11. d4 Ng6 12. c3 c6 13. Qb3 Qd7 14. Be3 b6
15. Bf4 Bd6 16. Bg3 Kh8 17. Rad1 c5 18. dxc5 Bxc5 19. Kh1 Qb7 20. Qa4 Rad8 21.
Rxd8 Rxd8 22. Rd1 Rxd1+ 23. Qxd1 e5 24. Qd3 Be7 25. h4 Nf8 {Not possible to
reconstruct game} 1/2-1/2

[Event "26th WSCC 2016 Open 65+"]
[Site "Marianske Lazne, Czech Republic - Hotel Cristal and Continental"]
[Date "2016.11.29"]
[Round "10.94"]
[White "Mohammadian, Mohammad"]
[Black "Rucka, Alois"]
[Result "0-1"]
[WhiteElo "1683"]
[BlackElo "1953"]
[PlyCount "76"]
[EventDate "2016.11.19"]

1. e4 c5 2. Nf3 e6 3. c3 Nf6 4. Qc2 Nc6 5. a3 d5 6. e5 Nd7 7. d4 a6 8. Be3 b6
9. b4 Be7 10. Nbd2 Bb7 11. Be2 cxd4 12. cxd4 b5 13. O-O Nb6 14. Nb3 Nc4 15. Bf4
a5 16. Nc5 Bxc5 17. bxc5 Ba6 18. Rfb1 h6 19. Bf1 Qc7 20. Bc1 Ke7 21. Qc3 Rhb8
22. Rb3 b4 23. axb4 axb4 24. Qe1 Bb5 25. Be3 Ba4 26. Rbb1 b3 27. Qc3 Qa5 28.
Qxa5 Rxa5 29. Bd3 $11 Raa8 30. h3 b2 31. Ra2 Nb4 32. Rxa4 Rxa4 33. Bxc4 Ra1 34.
Nd2 dxc4 35. Kh2 c3 36. d5 exd5 37. Bd4 Rxb1 38. Nxb1 Ra8 0-1

[Event "26th WSCC 2016 Open 65+"]
[Site "Marianske Lazne, Czech Republic - Hotel Cristal and Continental"]
[Date "2016.11.29"]
[Round "10.95"]
[White "Do Prado, Hamilton Mesquita"]
[Black "Mittelbach, Zdenek"]
[Result "1/2-1/2"]
[WhiteElo "1672"]
[BlackElo "1944"]
[PlyCount "60"]
[EventDate "2016.11.19"]

1. d4 g6 2. Bf4 Bg7 3. e3 d6 4. Nf3 Nf6 5. Be2 O-O 6. c4 Nbd7 7. Nc3 Re8 8. O-O
c6 9. b4 Nh5 10. Bg5 Qc7 11. Rc1 e5 12. dxe5 dxe5 13. Nd2 Nhf6 14. e4 Nf8 15.
Nf3 Ne6 16. Re1 Nxg5 17. Nxg5 Rd8 18. Qc2 Bh6 19. h4 Ng4 20. Rcd1 Rxd1 21. Rxd1
Qe7 22. Nf3 Be6 23. a3 a5 24. c5 axb4 25. axb4 Qc7 26. Na4 Nf6 27. Nb6 Ra3 28.
Bc4 Bg4 29. Be2 Be6 30. Nc4 Bxc4 1/2-1/2

[Event "26th WSCC 2016 Open 65+"]
[Site "Marianske Lazne, Czech Republic - Hotel Cristal and Continental"]
[Date "2016.11.29"]
[Round "10.97"]
[White "Dvorsky, David"]
[Black "Scharff, Klaus"]
[Result "0-1"]
[WhiteElo "1594"]
[BlackElo "1934"]
[PlyCount "154"]
[EventDate "2016.11.19"]

1. e4 e6 2. d4 d5 3. Nc3 Bb4 4. e5 Ne7 5. Bg5 c5 6. a3 Bxc3+ 7. bxc3 Nbc6 8.
Nf3 h6 9. Bxe7 Qxe7 10. Bd3 c4 11. Be2 Bd7 12. Qc1 O-O-O 13. O-O Rdf8 14. Qb2
g5 15. Rfb1 b6 16. a4 Na5 17. Qb4 Qxb4 18. cxb4 Nc6 19. Rb2 g4 20. b5 gxf3 21.
bxc6 fxe2 22. cxd7+ Kxd7 23. c3 Kc6 24. Rxe2 Rb8 25. Rb1 b5 26. axb5+ Rxb5 27.
Rxb5 Kxb5 28. Rb2+ Ka4 29. Rb7 Rf8 30. f4 a5 31. Kf2 Ka3 32. Ke3 h5 33. g3 a4
34. h3 Ka2 35. f5 a3 36. Kf4 Ka1 37. f6 a2 38. Kg5 Rg8+ 39. Kh4 Rh8 40. Kg5 Ra8
41. Kh6 Ra3 42. Kg7 Rb3 43. Ra7 Kb2 44. Kxf7 Ra3 45. Rxa3 Kxa3 46. Kxe6 a1=Q
47. f7 Qf1 48. Ke7 Qxh3 49. f8=Q Qxg3 50. Ke6+ Kb3 51. Qb4+ Kc2 52. Kxd5 h4 53.
e6 h3 54. Kxc4 Qd3+ 55. Kc5 h2 56. e7 Qf5+ 57. d5 Qc8+ 58. Kd6 h1=Q 59. Qa4+
Kb2 60. Qb4+ Kc1 61. Qf4+ Kc2 62. Qa4+ Kd3 63. Qb5+ Kd2 64. Qb2+ Ke3 65. Qb6+
Kf3 66. Qc6 Qh6+ 67. Kc5 Qe3+ 68. Kd6 Qh6+ 69. Kc5 Qhxc6+ 70. dxc6 Kf4 71. Kd6
Kf5 72. e8=Q Qxe8 73. Kc7 Ke6 74. c4 Qe7+ 75. Kb6 Qb4+ 76. Kc7 Qxc4 77. Kb7 Kd6
0-1

[Event "26th WSCC 2016 Open 65+"]
[Site "Marianske Lazne, Czech Republic - Hotel Cristal and Continental"]
[Date "2016.11.29"]
[Round "10.98"]
[White "Hjertenes, Oystein"]
[Black "Maman, Emanuel"]
[Result "1-0"]
[WhiteElo "2060"]
[BlackElo "1800"]
[PlyCount "149"]
[EventDate "2016.11.19"]

1. Nf3 Nf6 2. b3 g6 3. c4 Bg7 4. Bb2 d6 5. d4 c5 6. d5 O-O 7. e3 Na6 8. a3 Nc7
9. Bd3 b5 10. O-O Rb8 11. Bc3 e5 12. dxe6 Bxe6 13. e4 Nh5 14. Bxg7 Nxg7 15. Nc3
a6 16. Qd2 Bg4 17. Ne1 Bd7 18. Nc2 f5 19. Rad1 Bc6 20. f3 f4 21. Be2 Qf6 22.
Rfe1 Rbd8 23. Bf1 g5 24. Re2 Rfe8 25. Rf2 h5 26. g3 Nge6 27. Ne2 Rf8 28. Qc3
Qxc3 29. Nxc3 Kg7 30. Nd5 Rf7 31. Bd3 Rdf8 32. Be2 Rd8 33. Kh1 Kh6 34. Rff1 Nf8
35. gxf4 gxf4 36. Rg1 Bxd5 37. exd5 Ng6 38. Kg2 Re8 39. Kf2 Rfe7 40. Rge1 Ne5
41. Bf1 Rg8 42. Re4 Rf8 43. Ne1 bxc4 44. Bxc4 Kg5 45. h3 Nb5 46. Bxb5 axb5 47.
Nc2 Kf5 48. b4 Rd8 49. bxc5 dxc5 50. d6 Red7 51. Rd5 Re8 52. Rxc5 Rxd6 53. Nd4+
Kf6 54. Kf1 Red8 55. Rxf4+ Kg6 56. Rxe5 Rxd4 57. Rxd4 Rxd4 58. Rxb5 Rd3 59. Kf2
Rxa3 60. h4 Ra4 61. Kg3 Rc4 62. Re5 Rb4 63. Re4 Rb6 64. Re5 Rb3 65. Rg5+ Kh6
66. Re5 Rb6 67. Rd5 Ra6 68. Re5 Rb6 69. Kf4 Rb4+ 70. Re4 Rb6 71. Kf5 Rb3 72. f4
Rg3 73. Re8 Rg4 74. Rh8+ Kg7 75. Rxh5 1-0

[Event "26th WSCC 2016 Open 65+"]
[Site "Marianske Lazne, Czech Republic - Hotel Cristal and Continental"]
[Date "2016.11.29"]
[Round "10.99"]
[White "Baeta, Marcio Netto"]
[Black "Lacha, Jan"]
[Result "1-0"]
[WhiteElo "1981"]
[BlackElo "1796"]
[PlyCount "69"]
[EventDate "2016.11.19"]

1. e4 d5 2. exd5 Qxd5 3. c4 Qe4+ 4. Qe2 Qxe2+ 5. Bxe2 Bd7 6. d4 e6 7. Nf3 Bb4+
8. Nc3 Bc6 9. O-O Nd7 10. d5 Bxc3 11. dxc6 bxc6 12. bxc3 Ngf6 13. Nd4 h6 14.
Ba3 g5 15. Nxc6 g4 16. f3 g3 17. hxg3 Rg8 18. Kf2 Nh5 19. g4 Nf4 20. Rh1 h5 21.
Rxh5 Nxh5 22. gxh5 f5 23. g4 Nf6 24. gxf5 exf5 25. h6 Kf7 26. Ne5+ Ke6 27. Nd3
Rh8 28. Nf4+ Kf7 29. Rh1 Rad8 30. Bc1 Rb8 31. c5 c6 32. Bc4+ Nd5 33. Nxd5 cxd5
34. Bxd5+ Kf6 35. c6 1-0

[Event "26th WSCC 2016 Open 65+"]
[Site "Marianske Lazne, Czech Republic - Hotel Cristal and Continental"]
[Date "2016.11.29"]
[Round "10.100"]
[White "Hoeschele, Hans-Ulrich"]
[Black "Bernhoeft, Erhard"]
[Result "1/2-1/2"]
[WhiteElo "2057"]
[BlackElo "1962"]
[PlyCount "70"]
[EventDate "2016.11.19"]

1. c4 g6 2. Nc3 c6 3. d4 Bg7 4. Nf3 d5 5. e3 e6 6. a3 Nf6 7. Qc2 dxc4 8. Bxc4
Nbd7 9. O-O O-O 10. Rd1 Nb6 11. Be2 Qe7 12. Bd2 Re8 13. Ne5 Nfd7 14. Nxd7 Nxd7
15. Ne4 a5 16. Bc3 f5 17. Ng3 Nb6 18. Qd2 a4 19. e4 Qh4 20. Bf3 Bd7 21. exf5
exf5 22. d5 Bxc3 23. Qxc3 Nxd5 24. Bxd5+ cxd5 25. Rxd5 Bc6 26. Rd4 Qe7 27. Rad1
Rad8 28. f3 Rxd4 29. Qxd4 Qe3+ 30. Qxe3 Rxe3 31. Kf2 Rb3 32. Rd2 Bb5 33. h4 Kf7
34. h5 Kf6 35. hxg6 hxg6 1/2-1/2

[Event "26th WSCC 2016 Open 65+"]
[Site "Marianske Lazne, Czech Republic - Hotel Cristal and Continental"]
[Date "2016.11.29"]
[Round "10.101"]
[White "De Giorgis, Georges"]
[Black "Bobbia, Mario"]
[Result "0-1"]
[WhiteElo "1653"]
[BlackElo "1850"]
[PlyCount "41"]
[EventDate "2016.11.19"]

1. d4 Nf6 2. Nc3 g6 3. e4 d6 4. f4 Bg7 5. Nf3 Bg4 6. Be2 Nfd7 7. O-O Bxf3 8.
Bxf3 e5 9. dxe5 dxe5 10. f5 O-O 11. Be3 Nc6 12. a3 Nd4 13. Ne2 Nb6 14. Nxd4
exd4 15. Bxd4 Nc4 16. Rb1 Ne5 17. Qe2 Qe7 18. Bg4 Rfe8 19. fxg6 hxg6 20. b3
Rad8 21. a4 0-1

[Event "26th WSCC 2016 Open 65+"]
[Site "Marianske Lazne, Czech Republic - Hotel Cristal and Continental"]
[Date "2016.11.29"]
[Round "10.102"]
[White "Haupt, Joachim"]
[Black "Mortensen, Steen Juul"]
[Result "1/2-1/2"]
[WhiteElo "1812"]
[BlackElo "1975"]
[PlyCount "27"]
[EventDate "2016.11.19"]

1. c4 Nf6 2. Nf3 g6 3. g3 Bg7 4. Bg2 d6 5. d4 O-O 6. Nc3 Nbd7 7. O-O c6 8. Bf4
Re8 9. Qd2 Qc7 10. Rac1 e5 11. dxe5 dxe5 12. Bh6 Bh8 13. h3 Nf8 14. Rfd1 $11
1/2-1/2

[Event "26th WSCC 2016 Open 65+"]
[Site "Marianske Lazne, Czech Republic - Hotel Cristal and Continental"]
[Date "2016.11.29"]
[Round "10.103"]
[White "Kaldybayev, Orazbek"]
[Black "Valtera, Jiri"]
[Result "0-1"]
[WhiteElo "1793"]
[BlackElo "1943"]
[PlyCount "110"]
[EventDate "2016.11.19"]

1. e4 c5 2. Nf3 Nc6 3. d4 cxd4 4. Nxd4 d5 5. Nc3 dxe4 6. Bb5 Bd7 7. Nxc6 bxc6
8. Bc4 f5 9. Bxg8 Rxg8 10. Qh5+ g6 11. Qxh7 Rg7 12. Qh8 Be6 13. Bh6 Rg8 14. Qh7
Bf7 15. Bxf8 Kxf8 16. Qh6+ Ke8 17. Qe3 Qb6 18. O-O Qxe3 19. fxe3 Bc4 20. Rfd1
Rd8 21. b3 Be6 22. Na4 Kf7 23. Nc5 Rd5 24. Nxe6 Kxe6 25. c4 Rd3 26. Kf2 Rgd8
27. Ke2 Kf6 28. b4 e5 29. g3 Kg5 30. Rxd3 exd3+ 31. Kd2 e4 32. a4 a6 33. h3 Kf6
34. Rb1 Rb8 35. Kc3 Ke6 36. h4 Kd6 37. Rf1 Ke5 38. Rf4 Rd8 39. Kd2 Rh8 40. Rf2
Rh7 41. Kc3 Rb7 42. Rh2 Rd7 43. Kd2 Rh7 44. Kc3 Rh8 45. Rb2 Rb8 46. b5 cxb5 47.
axb5 axb5 48. cxb5 Kd5 49. h5 gxh5 50. Rf2 Rxb5 51. Rxf5+ Kc6 52. Rf4 Rc5+ 53.
Kd4 d2 54. Rf1 Rc1 55. Rf6+ Kd7 0-1

[Event "26th WSCC 2016 Open 65+"]
[Site "Marianske Lazne, Czech Republic - Hotel Cristal and Continental"]
[Date "2016.11.29"]
[Round "10.104"]
[White "Kasik, Miroslav"]
[Black "Schmitt, Karl"]
[Result "1/2-1/2"]
[WhiteElo "1779"]
[BlackElo "1899"]
[PlyCount "73"]
[EventDate "2016.11.19"]

1. d4 Nf6 2. Nf3 g6 3. e3 Bg7 4. Be2 O-O 5. O-O d5 6. b3 Nbd7 7. Bb2 Ne4 8.
Nfd2 Nxd2 9. Nxd2 e5 10. dxe5 Nxe5 11. c3 c6 12. Nf3 Nxf3+ 13. Bxf3 Qa5 14. Qd2
Be6 15. Rfd1 Rfd8 16. Qe1 f5 17. Qd2 Bf7 18. g3 Rac8 19. Qc2 Qc5 20. Rac1 b5
21. Qd2 Qe7 22. Bg2 Re8 23. Re1 h5 24. f4 Qc5 25. h4 Rc7 26. Kf2 Rce7 27. Rc2
Rc7 28. Qc1 Bf8 29. Qd1 Qe7 30. Qd3 Be6 31. Ree2 Qf7 32. Bc1 Bc5 33. Qd1 a6 34.
Qd3 Rec8 35. Qd1 Bf8 36. Red2 Be7 37. Bf3 1/2-1/2

[Event "26th WSCC 2016 Open 65+"]
[Site "Marianske Lazne, Czech Republic - Hotel Cristal and Continental"]
[Date "2016.11.29"]
[Round "10.105"]
[White "Belokopyt, Boris"]
[Black "Filzmaier, Bruno"]
[Result "1/2-1/2"]
[WhiteElo "1898"]
[BlackElo "1760"]
[PlyCount "116"]
[EventDate "2016.11.19"]

1. d4 e6 2. Nf3 d5 3. g3 Nf6 4. Bg2 b6 5. c4 Bb7 6. Ne5 Nbd7 7. Qa4 c5 8. e3 a6
9. Nc3 Qc7 10. O-O Be7 11. dxc5 Bxc5 12. Nxd7 Qxd7 13. Qxd7+ Kxd7 14. Rd1 Ke7
15. cxd5 exd5 16. Nxd5+ Bxd5 17. Bxd5 Rad8 18. Bf3 Rxd1+ 19. Bxd1 Rd8 20. Bf3
Nd5 21. a3 a5 22. Bd2 Rd7 23. Rd1 Nc7 24. Bc3 Rxd1+ 25. Bxd1 f6 26. Bc2 Nd5 27.
Bd2 g6 28. Kg2 f5 29. Kf3 Nf6 30. Bc3 Nd5 31. Bh8 Nf6 32. h3 h5 33. Bg7 Ne8 34.
Bc3 Nf6 35. Bb3 Ne4 36. Be1 g5 37. g4 hxg4+ 38. hxg4 Kf6 39. gxf5 Kxf5 40. Bc2
g4+ 41. Ke2 Ke5 42. f4+ gxf3+ 43. Kxf3 Ng5+ 44. Ke2 Ne4 45. Bh4 b5 46. Bd8 a4
47. Bc7+ Nd6 48. Ba5 Bxe3 49. Kxe3 Nc4+ 50. Kd3 Nxa5 51. Kc3 Nc4 52. Bxa4 Nxb2
53. Bxb5 Nd1+ 54. Kb4 Kd6 55. Be2 Ne3 56. Kb5 Kc7 57. a4 Nd5 58. Kc4 Nb6+
1/2-1/2

[Event "26th WSCC 2016 Open 65+"]
[Site "Marianske Lazne, Czech Republic - Hotel Cristal and Continental"]
[Date "2016.11.29"]
[Round "10.106"]
[White "Rubinstein, Mark"]
[Black "Peierl, Walter"]
[Result "1-0"]
[WhiteElo "1886"]
[BlackElo "1741"]
[PlyCount "73"]
[EventDate "2016.11.19"]

1. c4 e5 2. Nc3 Nf6 3. g3 d5 4. cxd5 Nxd5 5. Bg2 Nb6 6. e3 Nc6 7. a3 Be6 8. b4
Be7 9. d3 O-O 10. Nf3 f5 11. b5 Na5 12. Nxe5 Bf6 13. d4 Qd6 14. f4 Rad8 15. O-O
c5 16. Ne2 Bb3 17. Qd2 Nbc4 18. Qc3 cxd4 19. exd4 b6 20. a4 Rc8 21. Qf3 Bc2 22.
Qd5+ Qxd5 23. Bxd5+ Kh8 24. Ba3 Nxa3 25. Rxa3 Bxe5 26. fxe5 Rcd8 27. Be6 Be4
28. Rc3 g6 29. Kf2 Rfe8 30. Ba2 Re7 31. Rfc1 Rdd7 32. h4 Kg7 33. Ke3 Nb7 34. g4
Nd8 35. Ng3 Nf7 36. Nxe4 fxe4 37. e6 1-0